|
|
|
|
| LEADER |
00000nam a2200000Ii 4500 |
| 001 |
DIGUAH0056 |
| 003 |
NyNyDIG |
| 006 |
m o d |
| 007 |
cr ||||||||||| |
| 008 |
220514s2016 cl ob 000 0 spa d |
| 035 |
|
|
|a (OCoLC)1335133137
|
| 040 |
|
|
|a DGITA
|b eng
|e rda
|e pn
|c DGITA
|
| 020 |
|
|
|a 9789563570311
|q eBook
|q ePub
|
| 020 |
|
|
|z 9789563570304
|q impreso
|
| 043 |
|
|
|a s-cl---
|
| 050 |
1 |
4 |
|a HV1097 ebook
|
| 082 |
0 |
4 |
|a 362.7320983
|
| 100 |
1 |
|
|a Marchant, Matías,
|d 1971-
|e author.
|
| 245 |
1 |
3 |
|a El libro de vida :
|b un lugar para la memoria /
|c Matías Marchant.
|
| 264 |
|
1 |
|a Santiago de Chile :
|b Ediciones Universidad Alberto Hurtado,
|c [2016]
|
| 300 |
|
|
|a 1 online resource.
|
| 336 |
|
|
|a text
|b txt
|2 rdacontent
|
| 337 |
|
|
|a computer
|b c
|2 rdamedia
|
| 338 |
|
|
|a online resource
|b cr
|2 rdacarrier
|
| 347 |
|
|
|a text file
|2 rdaft
|
| 347 |
|
|
|b EPUB
|
| 490 |
1 |
|
|a Colección Psicología
|
| 504 |
|
|
|a Includes bibliographical references.
|
| 588 |
0 |
|
|a Online resource; title from ePub title page (Digitalia, viewed May 14, 2022)
|
| 650 |
|
0 |
|a Children
|x Institutional care
|z Chile.
|
| 650 |
|
0 |
|a Child psychotherapy
|x Residential treatment
|z Chile.
|
| 650 |
|
0 |
|a Identity (Psychology)
|
| 655 |
|
0 |
|a Electronic books.
|
| 791 |
2 |
|
|a Digitalia (Firm),
|e distributor.
|
| 793 |
0 |
|
|g Digitalia eBook Collection:
|a Ediciones Universidad Alberto Hurtado
|
| 776 |
0 |
8 |
|i Print version:
|a Marchant, Matías, 1971-
|t Libro de vida.
|d Santiago de Chile : Ediciones Universidad Alberto Hurtado, [2016]
|z 9789563570304
|
| 830 |
|
0 |
|a Colección Psicología (Ediciones Universidad Alberto Hurtado)
|
| 856 |
4 |
0 |
|3 Digitalia Hispánica
|u https://www.digitaliapublishing.com/a/46437/
|
| 910 |
|
|
|a Premium collection: 2022
|